| 000 | 00735nam a22002417a 4500 | ||
|---|---|---|---|
| 003 | 0 | ||
| 005 | 20180703155532.0 | ||
| 008 | 0 | ||
| 010 | _aA-947274 | ||
| 020 |
_c00.00 _a8185989303 |
||
| 035 | _aA-947274, A-947284 | ||
| 037 | _bCen Lib/Ret | ||
| 040 |
_aDPL _bEN _c0 |
||
| 082 |
_a795.0954 _bBAR |
||
| 100 |
_aBarooah, Pramila Pandit _924258 |
||
| 245 |
_aTraditional Indian games / _cby Paramila Pandit Barooah |
||
| 260 |
_bGalgotia Publishing Company _aNew Delhi _c1998 |
||
| 270 |
_a6A/4, WEA, Karol Bagh _bNew Delhi _e110005 |
||
| 300 |
_axv,176p. : _c20cm(Hb) _bill. |
||
| 650 |
_aIndoor and Outdoor Indian games _924259 |
||
| 650 |
_aGames -- Social aspects _924260 |
||
| 942 |
_2ddc _cEN _h795.0954 _mBAR |
||
| 999 |
_c128735 _d128735 |
||